[Event "Giessen op"]
[Site "Giessen"]
[Date "1993.??.??"]
[Round "5"]
[White "Kruszynski, Wlodzimierz"]
[Black "Gutman, Lev"]
[Result "1-0"]
[WhiteElo "2380"]
[BlackElo "2450"]

1.e4 c5 2.Nf3 d6 3.d4 cxd4 4.Nxd4 Nf6 5.Nc3 a6 6.g3 e5 7.Nde2 Be6 8.Bg2 Nbd7
9.a4 Rc8 10.O-O h6 11.h3 Be7 12.Be3 O-O 13.a5 Qc7 14.Qd2 Nc5 15.Rfc1 Qc6
16.Nd5 Bxd5 17.exd5 Qc7 18.g4 Nh7 19.Ng3 Bg5 20.b4 Nd7 21.c4 g6 22.Bxg5 hxg5
23.Ne4 Ndf6 24.Nxf6+ Nxf6 25.Qxg5 Kg7 26.c5 Nh7 27.Qd2 f5 28.gxf5 gxf5 29.f4 e4
30.Ra3 Kh6 31.Rac3 Qd8 32.Rg3 Rf7 33.Kh2 Rg7 34.Rxg7 Kxg7 35.Rc3 Qh4 36.cxd6 Rd8
37.Qd4+ Kh6 38.Qe5 Nf6 39.Rg3 Nh5 40.Rg5 Qxf4+ 41.Qxf4 Nxf4 42.Rxf5 Ne2 43.Bxe4 Rxd6
44.Rf7 Nc3 45.Bf5 Kg5 46.Kg3 Rf6 47.Rxf6 Kxf6 48.Be6 Na2 49.Bc8  1-0

[Event "Hallsberg opJ"]
[Site "Hallsberg"]
[Date "1993.??.??"]
[Round "?"]
[White "Georgiev, Vladimir"]
[Black "Eriksson, Johan"]
[Result "1-0"]
[WhiteElo "2410"]
[BlackElo "2200"]

1.e4 c5 2.Nf3 d6 3.d4 cxd4 4.Nxd4 Nf6 5.Nc3 a6 6.g3 e5 7.Nb3 Be7 8.Bg2 Be6
9.O-O Nbd7 10.Nd5 Nxd5 11.exd5 Bf5 12.f4 Qb6+ 13.Kh1 h5 14.c4 Bg4 15.Qd3 h4
16.Be3 Qc7 17.gxh4 Rxh4 18.Rac1 O-O-O 19.Bf2 Rh5 20.Qg3 f5 21.fxe5 Rdh8 22.c5 Rxh2+
23.Kg1 dxe5 24.d6 Qd8 25.dxe7 Qxe7 26.c6 Nf6 27.cxb7+  1-0

[Event "Wichern op"]
[Site "Hamburg"]
[Date "1993.??.??"]
[Round "6"]
[White "Putzbach, Gerd"]
[Black "Mowsziszian, Karen"]
[Result "1-0"]
[WhiteElo "2275"]
[BlackElo "2480"]

1.e4 c5 2.Nf3 d6 3.d4 cxd4 4.Nxd4 Nf6 5.Nc3 a6 6.g3 e5 7.Nde2 Nbd7 8.a4 b6
9.Bg2 Bb7 10.h3 h6 11.g4 Nc5 12.Ng3 g6 13.Be3 Ne6 14.Qd2 Rc8 15.O-O h5 16.g5 Nd7
17.h4 Be7 18.Nd5 Bxd5 19.exd5 Ng7 20.f4 exf4 21.Bxf4 O-O 22.Bh3 Qc7 23.Rae1 Rce8
24.Ne4 f5 25.Qc3 Qxc3 26.Nxc3 Ne5 27.Kg2 Rc8 28.Rf2 Kf7 29.Kg3 Ne8 30.Bf1 Nc7
31.Rd2 Rfd8 32.Be3 Rb8 33.Bd4 Bf8 34.Na2 b5 35.axb5 Nxb5 36.Bg1 a5 37.c4 Nc7
38.Ra1 Rb3+ 39.Nc3 Ra8 40.Ra4 Nd7 41.Ra3 Rb4 42.Na2 Rb7 43.c5 Nxc5 44.Bxc5 dxc5
45.d6 Nb5 46.Bg2 Nxa3 47.Bxb7 Nb1 48.Rd1 Rb8 49.d7 Ke7 50.Bc8 Kd8 51.Rxb1 Be7
52.Nc3 Rb3 53.Kg2 Rb4 54.Kh3 a4 55.Re1 Rb3 56.Ra1 Rxb2 57.Nxa4 Re2 58.Kg3 Re4
59.Nb6 Bd6+ 60.Kf3 Rf4+ 61.Ke2 Re4+ 62.Kd3 Rxh4 63.Ra8 Rd4+ 64.Kc2 Be7 65.Kc3 Bxg5
66.Nc4 Bf6 67.Kb3 g5 68.Ra6 Be7 69.Ne5 Re4 70.Nf7+ Kc7 71.Ra7+ Kb6 72.Rb7+ Kc6
73.d8=Q Bxd8 74.Nxd8+ Kd5 75.Rd7+ Ke5 76.Nc6+ Kf4 77.Rd5 Re3+ 78.Kc4 Rg3
79.Rxc5 h4 80.Rxf5+ Ke3 81.Nd4 h3 82.Rf1 Kd2 83.Kd5 g4 84.Ke4 Re3+ 85.Kf4 Rd3
86.Rf2+ Ke1 87.Re2+ Kd1 88.Bxg4 Kc1 89.Nf3 Rc3 90.Bxh3 Rc2 91.Re1+ Kb2 92.Bf5 Rc1
93.Re2+ Kc3 94.Ke3 Kc4 95.Rd2 Kc5 96.Be4 Rc3+ 97.Kf4 Rc1 98.Nd4 Rf1+ 99.Ke5 Rg1
100.Rc2+ Kb4 101.Bd3 Rg7 102.Rc4+ Ka5 103.Rc6 Rg8 104.Nc2 Ka4 105.Bc4 Ra8
106.Kd4 Ra5 107.Kc3 Rg5 108.Ra6+ Ra5 109.Rb6 Rg5 110.Nd4  1-0

[Event "Hania op"]
[Site "Hania"]
[Date "1993.??.??"]
[Round "4"]
[White "Marinkovic, Ivan"]
[Black "Schwarz, Michael"]
[Result "0-1"]
[WhiteElo "2455"]
[BlackElo "2405"]

1.e4 c5 2.Nc3 d6 3.Nge2 Nf6 4.d4 cxd4 5.Nxd4 a6 6.g3 e5 7.Nb3 Nbd7 8.a4 b6
9.Bg2 Bb7 10.Nd2 Rc8 11.Nf1 Rc4 12.Ne3 Rd4 13.Qe2 Qa8 14.Ned5 Qc8 15.Bg5 Nxd5
16.Nxd5 Bxd5 17.exd5 Be7 18.Be3 Rc4 19.Bh3 g6 20.Bxd7+ Kxd7 21.O-O Rxc2 22.Qg4+ f5
23.Qb4 Qc4 24.Qxb6 Qxd5 25.Qxa6 Rxb2 26.Rfb1 Ra8 27.Ba7 Qb3 28.Rc1 Qb7 29.Qxb7+ Rxb7
30.Be3 Bd8 31.Rc4 Ba5 32.Rd1 Rc7 33.Rh4 Ke6 34.Rb1 h5 35.Rb5 Rc6 36.Rb7 d5
37.Bg5 d4 38.Re7+ Kd5 39.Rd7+ Rd6 40.Rb7 Bd8 41.Rb5+ Ke6  0-1

[Event "ISL-ch"]
[Site "?"]
[Date "1993.??.??"]
[Round "5"]
[White "Bjornsson, Tomas"]
[Black "Gislason, Gudmundur"]
[Result "1-0"]
[WhiteElo "2290"]
[BlackElo "2270"]

1.e4 c5 2.Nf3 d6 3.d4 cxd4 4.Nxd4 Nf6 5.Nc3 a6 6.g3 g6 7.Bg2 Bg7 8.O-O O-O
9.h3 Bd7 10.Be3 Nc6 11.Nd5 Rc8 12.Nxc6 bxc6 13.Bb6 Qe8 14.Nxf6+ Bxf6 15.Bd4 e5
16.Bc3 Qe6 17.Qd3 Be7 18.f4 f6 19.Qxa6 Ra8 20.Qd3 Bc8 21.Qd2 Rxa2 22.b3 Rxa1
23.Rxa1 f5 24.exf5 Rxf5 25.Bxc6 exf4 26.Re1 Qf7 27.g4 Rc5 28.Bf3 Bf6 29.Qxd6 Rxc3
30.Bd5 Bd4+ 31.Kf1 Ba6+ 32.Re2 Bxe2+ 33.Kxe2 Re3+ 34.Kf1 Be5 35.Bxf7+ Kxf7
36.Qd7+ Kf6 37.Qd8+ Ke6 38.Qc8+ Kd6 39.Qa6+ Ke7 40.Qa7+ Kf6 41.Qb6+ Kf7 42.Qb7+ Ke6
43.Qc8+ Kd6 44.Qf8+ Ke6 45.Qg8+ Kf6 46.Qxh7 Rf3+ 47.Ke2 Re3+ 48.Kf2 Rc3 49.Qh8+ Ke6
50.Qe8+ Kd5 51.Qf7+ Kd4 52.Qxg6 Rxh3 53.Qb6+ Kd5 54.c4+ Ke4 55.Qg6+ Kd4 56.Qe6 Rh2+
57.Kf1  1-0

[Event "Katowice op"]
[Site "Katowice"]
[Date "1993.??.??"]
[Round "5"]
[White "Mulet, Piotr"]
[Black "Vaulin, Alexander"]
[Result "1-0"]
[WhiteElo "2260"]
[BlackElo "2515"]

1.e4 c5 2.Nf3 d6 3.d4 cxd4 4.Nxd4 Nf6 5.Nc3 a6 6.g3 e5 7.Nde2 b5 8.Bg2 Bb7
9.O-O Nbd7 10.Nd5 Nxd5 11.exd5 Be7 12.Be3 Bg5 13.Bxg5 Qxg5 14.a4 O-O 15.axb5 axb5
16.Qd3 Nc5 17.Qxb5 Ba6 18.Qa5 Rab8 19.Rfe1 Bxe2 20.Rxe2 Rxb2 21.Qc3 Rb7 22.Rf1 Qg4
23.f3 Qb4 24.Qxb4 Rxb4 25.f4 f6 26.fxe5 fxe5 27.Rxf8+ Kxf8 28.Kf2 Ke7 29.Ke3 Rd4
30.Re1 Na4 31.Re2 Nb2 32.Re1 Nd1+ 33.Ke2 Nc3+ 34.Ke3 Rd1 35.Rxd1 Nxd1+ 36.Ke2 Nb2
37.Be4 h6 38.h4 Na4 39.Ke3 Nb6 40.Kd3 Nd7 41.Ke3 Kd8 42.Bf3 Kc7 43.Ke4 g6
44.Kd3 Kb6 45.Kc4 Ka5 46.Be4 g5 47.hxg5 hxg5 48.Bf3 Nf6 49.c3 Ka4 50.Bd1+ Ka5
51.Bf3 Ka4 52.Bd1+ Ka3 53.Bf3 Kb2 54.Kd3 Nd7 55.Ke4 Kxc3 56.Kf5 Nc5 57.Kxg5 Kd3
58.g4 Ke3 59.Bh1 e4 60.Kf5 Kd4 61.g5 e3 62.Bf3 Nd3 63.g6 Ne5 64.g7 Nxf3 65.g8=Q e2
66.Qg4+ Ke3 67.Qf4+ Kf2 68.Kg4 e1=Q 69.Qxf3+ Kg1 70.Qg3+  1-0

[Event "Las Vegas op"]
[Site "Las Vegas"]
[Date "1993.??.??"]
[Round "4"]
[White "Ivanov, Alexander"]
[Black "Huber, Gregory"]
[Result "1-0"]
[WhiteElo "2525"]
[BlackElo "2245"]

1.e4 c5 2.Nf3 d6 3.d4 cxd4 4.Nxd4 Nf6 5.Nc3 a6 6.g3 e6 7.Bg2 Qc7 8.O-O Bd7
9.a4 Be7 10.a5 Nc6 11.Nb3 Ne5 12.f4 Nc4 13.Qe2 Rc8 14.e5 dxe5 15.fxe5 Nxe5
16.Bf4 Bd6 17.Rad1 g5  1-0

[Event "New York Marshall CC"]
[Site "New York"]
[Date "1993.??.??"]
[Round "6"]
[White "Vulicevic, Nenad"]
[Black "Moulin, Pierre"]
[Result "0-1"]
[WhiteElo "2320"]
[BlackElo "2305"]

1.e4 c5 2.Nf3 d6 3.d4 Nf6 4.Nc3 cxd4 5.Nxd4 a6 6.g3 e5 7.Nde2 Be7 8.a4 Nc6
9.Bg2 Nb4 10.O-O Be6 11.Bg5 Rc8 12.Qd2 O-O 13.Rac1 h6 14.Bxf6 Bxf6 15.Nd5 Nxd5
16.exd5 Bg4 17.h3 Bg5 18.f4 Bxe2 19.Qxe2 exf4 20.gxf4 Re8 21.Qd2 Bf6 22.c3 Qa5
23.Qc2 Qc5+ 24.Kh1 Qc4 25.Qd1 Re3 26.Qg4 Rce8 27.Qd7 Qd3 28.Rf3 Qd2 29.Rcf1 R3e7
30.Qxd6 Bh4 31.f5 Re2 32.Rg1 Rxg2 33.Rxg2 Qd1+ 34.Kh2 Qxf3  0-1

[Event "New York op"]
[Site "New York"]
[Date "1993.??.??"]
[Round "8"]
[White "Ivanov, Alexander"]
[Black "Novikov, Igor A"]
[Result "1/2-1/2"]
[WhiteElo "2525"]
[BlackElo "2540"]

1.e4 c5 2.Nf3 d6 3.d4 cxd4 4.Nxd4 Nf6 5.Nc3 a6 6.g3 e5 7.Nde2 b5 8.Bg5 Bb7
9.Bxf6 Qxf6 10.Nd5 Qd8 11.a4 bxa4 12.Nec3 Be7 13.Bc4 O-O 14.O-O Nd7 15.Rxa4 Nc5
16.Ra3 a5 17.Qe2 Bg5 18.Rd1 Qb8 19.Nb6 Ra7 20.Nba4 Nxa4 21.Rxa4 Bc6 22.Bb5 Ba8
23.Qd3 Be7 24.b3 Rc8 25.Rc4 Rac7 26.Rxc7 Qxc7 27.Bc4 Bc6 28.Nd5 Bxd5 29.Qxd5 Rf8
30.Ra1 Bd8 31.Rd1 Be7 32.Rd3 g6 33.Qb5 Qa7 34.Rd5 Ra8 35.Qc6 Rb8 36.Qa4 Ra8
37.Qc6 Rb8 38.Rd1 Qb7 39.Qa4 Qb4 40.Qa1 Rc8 41.c3 Qb6 42.Qa4 Kf8 43.Ra1 Rc5
44.Qa2 Bd8 45.Bxf7 Rxc3 46.Bd5 Qc5 47.Qd2 Kg7 48.Bc4 Qd4 49.Qe1 Bg5 50.Rd1 Qxd1
51.Qxd1 Rc1  1/2-1/2

[Event "ISD-FRA"]
[Site "Reykjavik"]
[Date "1993.??.??"]
[Round "1"]
[White "Arnason, Jon L"]
[Black "Renet, Olivier"]
[Result "0-1"]
[WhiteElo "2535"]
[BlackElo "2535"]

1.e4 c5 2.Nf3 d6 3.d4 cxd4 4.Nxd4 Nf6 5.Nc3 a6 6.g3 e5 7.Nb3 Be7 8.Bg2 Nbd7
9.a4 b6 10.O-O Bb7 11.Re1 O-O 12.Nd2 Rc8 13.Nf1 Nc5 14.Bg5 Kh8 15.Bxf6 Bxf6
16.Ne3 g6 17.Nc4 Rc6 18.Nd5 a5 19.Bf1 Bg7 20.b4 axb4 21.Nxb4 Rc7 22.Nxd6 Ba8
23.Bh3 f5 24.Nc4 Rd7 25.Qe2 Nxe4 26.Bg2 Rd4 27.Bxe4 Rxe4 28.Qd3 Rd4 29.Qb3 Qc7
30.Ne3 Qb7 31.Ned5 Rxb4 32.Qxb4 Qxd5 33.Kf1 Qg2+ 34.Ke2 Bf3+ 35.Kd2 Qxf2+
36.Kc1 Rc8 37.Ra2 e4  0-1

[Event "St Petersburg op"]
[Site "St Petersburg"]
[Date "1993.??.??"]
[Round "?"]
[White "Kuzmin, Gennadi P"]
[Black "Shneider, Aleksandr"]
[Result "1/2-1/2"]
[WhiteElo "2500"]
[BlackElo "2560"]

1.e4 c5 2.Nf3 d6 3.d4 cxd4 4.Nxd4 Nf6 5.Nc3 a6 6.g3 e5 7.Nb3 Be7 8.Bg2 O-O
9.O-O b5 10.Nd5 Nxd5 11.Qxd5 Ra7 12.Be3 Be6 13.Qd2 Rd7 14.Rfd1 Qc8 15.Nc1 Rc7
16.c3 Nc6 17.Ne2 a5 18.b3 a4 19.Rdb1 Qd7 20.Nc1 Ra8 21.Bf1 Rb7 22.bxa4 bxa4
23.Rxb7 Qxb7 24.Qc2 Qc8 25.Nd3 Na5 26.Nb4 Nc4 27.Qd3 Ra5 28.Rb1 Nxe3 29.Qxe3 Qc5
30.Qd2 g6 31.c4 Ra7 32.Nd5  1/2-1/2

[Event "FRM-ch"]
[Site "Struga"]
[Date "1993.??.??"]
[Round "3"]
[White "Stanojoski, Zvonko"]
[Black "Andonovski, Ljubisa"]
[Result "1-0"]
[WhiteElo "2365"]
[BlackElo "2265"]

1.e4 c5 2.Nf3 d6 3.d4 cxd4 4.Nxd4 Nf6 5.Nc3 a6 6.g3 e5 7.Nde2 Be7 8.Bg2 O-O
9.Nd5 Nxd5 10.Qxd5 Nd7 11.O-O Nf6 12.Qd3 Be6 13.c4 Qc7 14.b3 b5 15.cxb5 axb5
16.Bg5 b4 17.Rfc1 Qb8 18.h3 h6 19.Be3 Rd8 20.Qb1 Qb5 21.Bf1 Qb7 22.Bg2 d5
23.f4 exf4 24.gxf4 Nxe4 25.Bd4 Nd6 26.Ng3 Qd7 27.Kh2 Bh4 28.Nh5 f6 29.Rg1 Nf5
30.Qb2 Bf7 31.Nxf6+ gxf6 32.Bxd5+ Kh7 33.Bxa8 Qxd4 34.Qxd4 Nxd4 35.Bg2 f5
36.Rgc1 Kg7 37.Rc5 Re8 38.Rd1 Bf6 39.Rd2 Re3 40.Rc7 Rc3 41.Rb7 Kg6 42.Rxb4 Ne6
43.Bd5 Bh4 44.Rb6 Re3 45.Rg2+ Kf6 46.a4 Be1 47.b4 h5 48.h4 Bxh4 49.a5 Ke7
50.Rb7+ Kd6 51.Bxe6 Bxe6 52.a6 Ra3 53.Rb6+ Kd5 54.Rd2+ Kc4 55.Rxe6 Bg3+ 56.Kg2 Bxf4
57.Rf2 Be3 58.Rxf5 Bd4 59.Rxh5  1-0

[Event "SWZ-ch"]
[Site "?"]
[Date "1993.??.??"]
[Round "?"]
[White "Masserey, Yvan"]
[Black "Landenbergue, Claude"]
[Result "1/2-1/2"]
[WhiteElo "2320"]
[BlackElo "2405"]

1.e4 c5 2.Nf3 d6 3.d4 cxd4 4.Nxd4 Nf6 5.Nc3 a6 6.g3 e5 7.Nde2 Be7 8.Bg2 O-O
9.O-O b5 10.h3 Bb7 11.g4 b4 12.Nd5 Nxd5 13.exd5 Nd7 14.a3 a5 15.Be3 Bg5 16.Bxg5 Qxg5
17.axb4 axb4 18.Rxa8 Rxa8 19.Ng3 Qd8 20.Qd2 Qb6 21.Qg5 Nf8 22.Nf5 Ng6 23.Ne7+ Kf8
24.Nxg6+ hxg6 25.h4 Qd4 26.h5 gxh5 27.gxh5 Qf4 28.Qxf4 exf4 29.Rd1 Ra2 30.Rd4 Rxb2
31.Rxf4 Ba6 32.Be4 Ke7 33.Bd3 Bb7 34.Rd4 Kf8 35.Kg2 Ke7 36.Kg3 b3 37.cxb3 Rxb3
38.f3 Rb2 39.Bc4 Rb4 40.Re4+ Kf8 41.Kg4 Bc8+ 42.Kg5 Rb2 43.Rh4 Rg2+ 44.Kf4 Bb7
45.Ke4 Rc2 46.Kd3 Rf2 47.Ke3 Rb2 48.h6 gxh6 49.Rxh6 Rb4 50.Kd3 Ke7 51.Rh8 Ra4
52.Rb8 Ba6  1/2-1/2

[Event "EU-ch U18"]
[Site "Vejen"]
[Date "1993.??.??"]
[Round "9"]
[White "Kekelidze, Mikheil"]
[Black "Guliev, Logman"]
[Result "1-0"]
[WhiteElo "2230"]
[BlackElo "2315"]

1.e4 c5 2.Nf3 d6 3.d4 cxd4 4.Nxd4 Nf6 5.Nc3 a6 6.g3 e5 7.Nde2 Be7 8.Bg2 b5
9.O-O Bb7 10.h3 O-O 11.Be3 Nbd7 12.g4 b4 13.Nd5 Nxd5 14.exd5 Re8 15.Qd2 a5
16.Ng3 Rc8 17.Rfc1 Nc5 18.b3 Ra8 19.c3 Qb6 20.cxb4 axb4 21.Rc4 Ra3 22.Qxb4 Qa6
23.Nf5 Bf8 24.Rd1 Rb8 25.Qc3 Nd7 26.Rc7 Nf6 27.Rxf7 Rc8 28.Rc7 Rxa2 29.Rc1 Rxc7
30.Qxc7 Nxd5 31.Qd7 Nxe3 32.Qe6+ Kh8 33.Qf7 Qa8 34.Bxb7  1-0

[Event "Oberliga Wuert9293"]
[Site "Wuerttemberg"]
[Date "1993.??.??"]
[Round "?"]
[White "Schmid, Wolfgang"]
[Black "Pieper, Thomas"]
[Result "0-1"]
[WhiteElo "2225"]
[BlackElo "2225"]

1.e4 c5 2.Nf3 d6 3.d4 cxd4 4.Nxd4 Nf6 5.Nc3 a6 6.g3 g6 7.Bg2 Bg7 8.O-O O-O
9.h3 Nc6 10.Nb3 Bd7 11.Kh2 Ne5 12.f4 Nc4 13.Qe2 Qc7 14.e5 dxe5 15.fxe5 Nh5
16.Bf4 e6 17.Qe4 Rab8 18.Rae1 Nxb2 19.Qd4 Rfd8 20.Nd5 exd5 21.Qxb2 Nxf4 22.gxf4 Bb5
23.Rf2 Qe7 24.Nd4 Qh4 25.c3 Bh6 26.Qd2 Bd7 27.Qe3 Rbc8 28.Ne2 Be6 29.Qg3 Qxg3+
30.Kxg3 Bg7 31.Rf3 Rc4 32.Nd4 Rdc8 33.Rb1 b5 34.Rb3 g5 35.Re3 gxf4+ 36.Kxf4 Bh6+
37.Kf3 Bxe3 38.Kxe3 Rxc3+ 39.Kf4 Rxb3 40.axb3 Rc3 41.Bf3 Kg7 42.Nxe6+ fxe6
43.Bg4 Kf7  0-1

[Event "EUCup Gr4"]
[Site "Balatonbereny"]
[Date "1994.??.??"]
[Round "?"]
[White "Kosanski, Stanko"]
[Black "Dvoirys, Semen I"]
[Result "1/2-1/2"]
[WhiteElo "2440"]
[BlackElo "2535"]

1.e4 c5 2.Nf3 d6 3.d4 cxd4 4.Nxd4 Nf6 5.Nc3 a6 6.g3 e5 7.Nde2 Be6 8.Bg2 Nbd7
9.O-O b5 10.h3 Nb6 11.a4 b4 12.Nd5 Nbxd5 13.exd5 Bd7 14.c3 Rb8 15.Bd2 bxc3
16.Bxc3 Be7 17.f4 Qb6+ 18.Kh1 e4 19.Bd4 Qa5 20.Nc3 Rxb2 21.Bxf6 gxf6 22.Nxe4 Qb4
23.Re1 O-O 24.Qh5 Bd8 25.Qh6 Rxg2 26.Kxg2 Qb2+ 27.Kh1 Re8 28.Rab1 Qd4 29.Rb8 Qxd5
30.Rxd8 Rxd8 31.Kh2 Qd3 32.f5 Bxf5 33.Qxf6 Bxe4 34.Qxd8+ Kg7 35.Qg5+ Bg6
36.Qe3 Qc2+ 37.Kh1 Qxa4 38.Qc3+ Kg8 39.Qc8+ Kg7 40.Qc3+ Kg8 41.g4 d5 42.Qc8+ Kg7
43.Qe8 Qc4 44.g5 h5 45.gxh6+ Kxh6 46.Qh8+ Kg5 47.Qe5+ Kh6 48.Qh8+ Kg5 49.Qe5+ Kh6
50.Qh8+ Kg5 51.Qe5+ Kh6  1/2-1/2

[Event "Buenos Aires Sicilian"]
[Site "Buenos Aires"]
[Date "1994.??.??"]
[Round "2"]
[White "Ljubojevic, Ljubomir"]
[Black "Ivanchuk, Vassily"]
[Result "1-0"]
[WhiteElo "2580"]
[BlackElo "2695"]

1.e4 c5 2.Nf3 d6 3.d4 cxd4 4.Nxd4 Nf6 5.Nc3 a6 6.g3 Nc6 7.Bg2 Bd7 8.O-O e6
9.a4 Be7 10.h3 O-O 11.Nb3 Na5 12.Nxa5 Qxa5 13.Bd2 Qc7 14.a5 Bc6 15.Re1 Rae8
16.Be3 Nd7 17.Bd4 Bf6 18.Bxf6 Nxf6 19.Qd4 Re7 20.Qb4 Rd7 21.Rad1 Rfd8 22.Rd4 h6
23.Red1 d5 24.exd5 Nxd5 25.Nxd5 Bxd5 26.c4 Bxg2 27.Rxd7 Rxd7 28.Rxd7 Qxd7
29.Kxg2 Qc6+ 30.Kg1 f5 31.Qb6 Qe4 32.b4 g5 33.b5 f4 34.gxf4 gxf4 35.bxa6 bxa6
36.Qxa6 f3 37.Qc8+ Kf7 38.Qc7+ Kf6 39.Kh2  1-0

[Event "ARG-ch"]
[Site "Buenos Aires"]
[Date "1994.??.??"]
[Round "3"]
[White "Spangenberg, Hugo"]
[Black "Ricardi, Pablo"]
[Result "1-0"]
[WhiteElo "2510"]
[BlackElo "2470"]

1.e4 c5 2.Nf3 d6 3.d4 cxd4 4.Nxd4 Nf6 5.Nc3 a6 6.g3 b5 7.Bg2 Bb7 8.a4 b4
9.Nd5 e6 10.Nxf6+ Qxf6 11.O-O Qd8 12.a5 Be7 13.Qg4 Nd7 14.Ra4 Rc8 15.Rxb4 Ba8
16.Qxg7 Bf6 17.Qh6 Qxa5 18.c3 Rg8 19.Nb3 Qa2 20.Bd2 a5 21.Nc1 Qb1 22.Ra4 Qxb2
23.Rxa5 Rg6 24.Qe3 Bd8 25.Nd3 Qb6 26.Qxb6 Nxb6 27.Rfa1 Bc6 28.Rh5 Nc4 29.Bc1 Bf6
30.Rxh7 Bxc3 31.Ra7 Bd7 32.e5 Rg8 33.exd6 Nxd6 34.Bf4 Nb5 35.Rb7 Nd4 36.Be5 Bb5
37.Nf4 Ne2+ 38.Nxe2 Bxe2 39.Bxc3 Rxc3 40.h4 Rf8 41.h5 Rc1+ 42.Kh2 Rc5 43.h6 Bd3
44.Rg7 Rh5+ 45.Kg1 Bg6 46.Bc6+ Kd8 47.Rxg6 fxg6 48.h7 g5 49.Kg2 g4 50.Rd7+ Kc8
51.Rg7 Kd8 52.Be4 Rh6 53.Bg6 Rf6 54.Bd3 Rf8 55.Bb5 Rh5 56.Be2  1-0

[Event "Buenos Aires Sicilian"]
[Site "Buenos Aires"]
[Date "1994.??.??"]
[Round "11"]
[White "Karpov, Anatoly"]
[Black "Ivanchuk, Vassily"]
[Result "1/2-1/2"]
[WhiteElo "2780"]
[BlackElo "2695"]

1.e4 c5 2.Nf3 d6 3.d4 cxd4 4.Nxd4 Nf6 5.Nc3 a6 6.g3 e5 7.Nde2 Be7 8.Bg2 Nbd7
9.a4 b6 10.h3 h5 11.Be3 Qc7 12.Nd5 Nxd5 13.Qxd5 Bb7 14.Qd2 O-O 15.O-O Nf6
16.Nc3 Bc6 17.Rfd1 b5 18.axb5 axb5 19.b4 Qb7 20.Qd3 Rfc8 21.Bg5 Qb6 22.Rxa8 Rxa8
23.Qf3 Ra3 24.Bxf6 Bxf6 25.Rd3 h4 26.Rxd6 Be7 27.Rd3 Bxb4 28.gxh4 Be7 29.h5 b4
30.Nd5 Bxd5 31.exd5 Qh6 32.Bf1 Qc1 33.Qd1 Qxd1 34.Rxd1 Bd6 35.Bd3 e4 36.Bxe4 Rxh3
37.Ra1 Kf8 38.Ra8+ Ke7 39.Rh8 g6  1/2-1/2

[Event "Ceske Budejovice op"]
[Site "Ceske Budejovice"]
[Date "1994.??.??"]
[Round "2"]
[White "Priehoda, Vitezslav"]
[Black "Pavlovic, Tomas"]
[Result "1-0"]
[WhiteElo "2390"]
[BlackElo "2185"]

1.e4 c5 2.Nf3 d6 3.d4 cxd4 4.Nxd4 Nf6 5.Nc3 a6 6.g3 e5 7.Nb3 Be7 8.Bg2 O-O
9.O-O Nbd7 10.a4 b6 11.Qe2 Qc7 12.Nd2 Nc5 13.Nc4 Ne6 14.Be3 Nd4 15.Qd3 Be6
16.Na3 Nc6 17.Nd5 Bxd5 18.exd5 Na5 19.b4 Nb7 20.Nc4 Nd7 21.Bh3 Rab8 22.Bxd7 Qxd7
23.Nxb6 Qg4 24.f3 Qh3 25.Qxa6 f5 26.Nd7 f4 27.Nxb8 fxg3 28.Qe2 Rf6 29.Nc6 Bd8
30.Qg2 gxh2+ 31.Kh1 Qf5 32.a5 Rg6 33.Qxg6 hxg6 34.a6 e4 35.axb7  1-0

[Event "Frydek-Mistek op"]
[Site "Frydek-Mistek"]
[Date "1994.??.??"]
[Round "?"]
[White "Kruszynski, Wlodzimierz"]
[Black "Zagorskis, Darius"]
[Result "0-1"]
[WhiteElo "2375"]
[BlackElo "2485"]

1.e4 c5 2.Nf3 d6 3.d4 cxd4 4.Nxd4 Nf6 5.Nc3 a6 6.g3 e5 7.Nde2 b5 8.Bg2 Bb7
9.h3 Nbd7 10.g4 b4 11.Nd5 Nxd5 12.exd5 Be7 13.Ng3 O-O 14.O-O Re8 15.Bd2 a5
16.a3 Nb6 17.Bc1 Qc7 18.axb4 axb4 19.Rxa8 Rxa8 20.b3 Ra5 21.f4 Bxd5 22.fxe5 dxe5
23.Bxd5 Nxd5 24.Qf3 Bf8 25.Ne4 Ra2 26.Bd2 Rxc2 27.Qd3 Qc6 28.Ng5 Bc5+ 29.Kh2 e4
30.Nxe4 Be3 31.Rd1 h6 32.h4 Bf4+ 33.Kg1 Bxd2 34.Rxd2 Rc1+ 35.Kf2 Nf4 36.Qf3 Qb6+
37.Kg3 Ne6 38.Rf2 Qc7+ 39.Kg2 Rc2 40.Rxc2 Qxc2+ 41.Nf2 g5 42.hxg5 hxg5 43.Qe3 Qc6+
44.Ne4 Qd5 45.Kf2 Qe5 46.Ng3 Qb2+ 47.Ke1 Kg7 48.Nf5+ Kf6 49.Nd6 Qd4 50.Qf3+ Qf4
51.Qd1 Nd4 52.Nc4 Kg7 53.Qd3 Qxg4 54.Nd6 Qg1+  0-1

[Event "Frydek-Mistek op"]
[Site "Frydek-Mistek"]
[Date "1994.??.??"]
[Round "?"]
[White "Kruszynski, Wlodzimierz"]
[Black "Dydyshko, Viacheslav"]
[Result "0-1"]
[WhiteElo "2375"]
[BlackElo "2510"]

1.e4 c5 2.Nf3 d6 3.d4 cxd4 4.Nxd4 Nf6 5.Nc3 a6 6.g3 Nc6 7.Bg2 Bd7 8.O-O e6
9.Be3 Be7 10.Nxc6 Bxc6 11.a4 Qa5 12.Qd4 O-O 13.h3 Rac8 14.Rfd1 Rfd8 15.Qb6 Qh5
16.Qb3 Qg6 17.Bb6 Re8 18.Re1 h5 19.Rad1 Nd7 20.h4 Qg4 21.Bd4 Ne5 22.Re3 Qg6
23.Re2 Qg4 24.Re3 Qg6 25.Re2 Kh8 26.Kh1 Kh7 27.Rf1 Ng4 28.f3 Nf6 29.Kh2 d5
30.e5 Ng8 31.Rd2 Nh6 32.Ne2 Nf5 33.Bf2 Qh6 34.f4 Qg6 35.Nd4 Nh6 36.Bf3 f5
37.exf6 Bxf6 38.Re1 e5 39.Nxc6 bxc6 40.fxe5 Rxe5 41.Rxe5 Bxe5 42.Re2 Bd6
43.Qd3 Nf5 44.Kh3 Bxg3 45.Bxh5 Qxh5 46.Bxg3 Rf8 47.Re6 Kh8 48.Re5 Qf7 49.Qf3 Kg8
50.Bf2 Qg6 51.Qg4 Qxg4+ 52.Kxg4 Nh6+ 53.Kg3 Rxf2  0-1

[Event "Garmisch"]
[Site "Garmisch"]
[Date "1994.??.??"]
[Round "2"]
[White "Huebner, Robert"]
[Black "Short, Nigel D"]
[Result "1/2-1/2"]
[WhiteElo "2605"]
[BlackElo "2665"]

1.e4 c5 2.Nf3 d6 3.d4 cxd4 4.Nxd4 Nf6 5.Nc3 a6 6.g3 Nc6 7.Bg2 Bg4 8.f3 Bd7
9.Be3 e6 10.g4 h6 11.Nxc6 Bxc6 12.Qd2 d5 13.e5 Nd7 14.Bd4 Qh4+ 15.Qf2 Qxf2+
16.Kxf2 Be7 17.Kg3 f6 18.exf6 Bd6+ 19.f4 gxf6 20.Rhf1 Kf7 21.h4 Rhg8 22.Kh3 Rad8
23.Rad1 Kg7 24.Be3 Bc5 25.Rfe1 Rge8 26.Bxc5 Nxc5 27.Ne2 e5 28.Ng3 Ne6 29.fxe5 fxe5
30.Rf1  1/2-1/2

[Event "Garmisch"]
[Site "Garmisch"]
[Date "1994.??.??"]
[Round "11"]
[White "Huebner, Robert"]
[Black "Landenbergue, Claude"]
[Result "1-0"]
[WhiteElo "2605"]
[BlackElo "2450"]

1.e4 c5 2.Nf3 d6 3.d4 cxd4 4.Nxd4 Nf6 5.Nc3 a6 6.g3 e5 7.Nde2 Be7 8.Bg2 Be6
9.h3 Nbd7 10.g4 O-O 11.Ng3 b5 12.Nf5 Nb6 13.g5 Nfd7 14.h4 b4 15.Ne2 Rc8 16.Neg3 Re8
17.O-O Bf8 18.Nxd6 Bxd6 19.Qxd6 Rxc2 20.Qxb4 Nf8 21.b3 Ng6 22.Be3 Nd7 23.Nf5 a5
24.Qa4 Nf4 25.Bxf4 exf4 26.Rad1 Rc7 27.Qxa5 Qb8 28.Nd6 Rf8 29.Qd2 Ra7 30.Qxf4 Rxa2
31.Rb1 Qb4 32.Nf5 Qb8  1-0

[Event "NRW-Liga II 9394"]
[Site "Germany"]
[Date "1994.??.??"]
[Round "?"]
[White "Kassebaum, Roman"]
[Black "Rohde, Ulrich"]
[Result "0-1"]
[WhiteElo "2355"]
[BlackElo "2285"]

1.e4 c5 2.Nf3 d6 3.d4 cxd4 4.Nxd4 Nf6 5.Nc3 a6 6.g3 e5 7.Nde2 Be7 8.Bg2 b5
9.O-O Bb7 10.a4 b4 11.Nd5 Nxd5 12.exd5 a5 13.Be3 O-O 14.f4 Nd7 15.fxe5 Nxe5
16.Nf4 Ba6 17.Rf2 g6 18.Bd4 Bf6 19.h3 Bg7 20.c3 Qg5 21.Kh2 h5 22.cxb4 axb4
23.Rc1 h4 24.g4 Rac8 25.Rc6 Nxc6 26.dxc6 Be5 27.Bxe5 dxe5 28.Nd5 Rxc6 29.Ne7+ Qxe7
30.Bxc6 e4 31.Bb5 Qe5+ 32.Kh1 e3  0-1

[Event "Graz op"]
[Site "Graz"]
[Date "1994.??.??"]
[Round "2"]
[White "Waidacher, C."]
[Black "Grilc, Simon"]
[Result "1/2-1/2"]
[WhiteElo "1940"]
[BlackElo "2310"]

1.e4 c5 2.Nf3 d6 3.d4 cxd4 4.Nxd4 Nf6 5.Nc3 a6 6.g3 e5 7.Nde2 Nbd7 8.a4 Qc7
9.Bg2 Be7 10.h3 b6 11.O-O Bb7 12.g4 O-O 13.Ng3 g6 14.g5 Ne8 15.Nd5 Bxd5 16.Qxd5 Ng7
17.c3 Ne6 18.h4 Rac8 19.Rd1 Rfd8 20.Bh3 Ndf8 21.Nf5 gxf5 22.exf5 Qc4 23.f6 Qxd5
24.Rxd5 Bxf6 25.gxf6 Rc4 26.Bf1 Rxh4 27.Bxa6 Nc7 28.Bb7 Nxd5 29.Bxd5 Rc8
30.Be3 Nd7 31.f3 h6 32.Bb7 Rc7 33.Ba6 Nb8 34.Bb5 Rb7 35.Kg2 d5 36.Rd1 d4
37.Kg3 Rh5 38.cxd4 exd4 39.Rxd4 Rxb5 40.axb5 Kh7 41.Rg4 h5 42.Rg7+ Kh8 43.Bf4 Nd7
44.Rxf7 Nc5 45.Rxb7 Nxb7 46.Bc7 Kh7 47.Kh4 Kg6 48.Bxb6 Nd6 49.Bd8 Nxb5 50.Be7 Nd4
51.Kg3 Ne6 52.b4 Nc7 53.f4 Nb5 54.f5+ Kf7 55.Kh4 Nd4 56.Kxh5 Nxf5 57.Bd8 Nd4
58.Bb6 Nc2  1/2-1/2

[Event "Graz op"]
[Site "Graz"]
[Date "1994.??.??"]
[Round "4"]
[White "Simic, Dragan"]
[Black "Lazarev, Vladimir"]
[Result "1/2-1/2"]
[WhiteElo "2255"]
[BlackElo "2440"]

1.e4 c5 2.Nf3 d6 3.d4 cxd4 4.Nxd4 Nf6 5.Nc3 a6 6.g3 e6 7.Bg2 Qc7 8.O-O Be7
9.h3 O-O 10.g4 Nc6 11.Nde2 b5 12.g5 Nd7 13.Ng3 Bb7 14.h4 b4 15.Nce2 Rfe8
16.f4 Bf8 17.h5 Rac8 18.c4 bxc3 19.Nxc3 Na5 20.Kh2 Nb6 21.f5 exf5 22.Rxf5 Nac4
23.g6 fxg6 24.hxg6 hxg6 25.Rf2 d5 26.Qg4 Ne5 27.Qh4 Nd3 28.Rf1 d4 29.Ne2 Nxc1
30.Raxc1 Qe5 31.Qg4 Rxc1 32.Nxc1 Qe6 33.Qxe6+ Rxe6 34.Rd1 Nc4 35.b3 Ne3 36.Rxd4 Ng4+
37.Kh1 Bc5 38.Rc4 Bd6 39.Bh3 Nf2+ 40.Kg2 Nxh3 41.Kxh3 Bxg3 42.Kxg3 Bxe4 43.Ne2 Kf7
44.Nf4 Re7 45.Rb4 Re5 46.Rb6 g5 47.Ne2 Bb1 48.Kf2 Bxa2 49.Nc1 Ra5 50.Nxa2 Rxa2+
51.Kf3 Ra5 52.Kg4 Rb5 53.Rxa6 Rxb3 54.Kxg5 Rb5+ 55.Kg4 Kg8 56.Rc6 Kh7 57.Ra6 g6
58.Ra8  1/2-1/2

[Event "Hamburg-ch"]
[Site "Hamburg"]
[Date "1994.??.??"]
[Round "3"]
[White "Putzbach, Gerd"]
[Black "Trisic, Alexandar"]
[Result "0-1"]
[WhiteElo "2260"]
[BlackElo "2215"]

1.e4 c5 2.Nf3 d6 3.d4 cxd4 4.Nxd4 Nf6 5.Nc3 a6 6.g3 e6 7.Bg2 Be7 8.h3 Qc7
9.a4 Nc6 10.O-O O-O 11.Nde2 b6 12.Be3 Bb7 13.Qd2 Rfd8 14.Rad1 Rab8 15.g4 Ba8
16.g5 Nd7 17.f4 Bf8 18.Qe1 g6 19.f5 Nde5 20.Nf4 Re8 21.Ncd5 exd5 22.Nxd5 Qd8
23.Nf6+ Kh8 24.Qh4 h5 25.Nxh5 gxh5 26.Qxh5+ Kg8 27.Rf4 f6 28.Rh4 Bg7 29.gxf6 Qxf6
30.Bg5 Qf7 31.Qh7+ Kf8 32.Rxd6 Nd4 33.f6 Nef3+ 34.Kh1 Nxg5 35.fxg7+ Ke7 36.Qh6 Nde6
37.Rg4 Kxd6 38.Rxg5 Qf4 39.g8=Q Rxg8 40.e5+ Kc5 41.Qxe6 Qf1+ 42.Kh2 Qxg2+
43.Rxg2 Rxg2+ 44.Kh1 Rg6+  0-1